| 000 | 00958nam a2200241 a 4500 | ||
|---|---|---|---|
| 008 | 951213s1977||||CS 0 slo c | ||
| 020 |
_c22 Kčs. _q(5000 výtl.) |
||
| 040 |
_aSNK _bslo _cSNK _eAACR2 |
||
| 044 |
_axo _cSK |
||
| 080 | _a791.43.073:778.5(024) | ||
| 080 | _a778.5(024) | ||
| 100 | 1 | _aHofman, Miroslav | |
| 245 | 1 | 0 |
_aTechnika amatérskeho filmu _cMiroslav Hofman, Jiří Rentz ; Svetozár Mydlo |
| 250 | _a1., vyd. | ||
| 260 |
_aBratislava _bAlfa _c1977 _eMartin _fTlačiarne SNP |
||
| 300 |
_a199 s., 16,17 AH _bTb. Fareb a čiernobiele fot. Grafy. Sch. _c21 cm |
||
| 490 | 0 | _aKnižnica Urob si sám | |
| 500 | _aLit. 26. Kniha je určená pre filmových amatérov, ZK ROH, mládežnícke organizácie a ako učebná pomôcka pre prísl. štud. odbory. 26 zázn. lit. o knihách a fir. lit. v jaz. čes., nem., angl., franc. a japon. | ||
| 700 | 1 |
_aRentz, Jiří _4aut |
|
| 700 | 1 |
_aMydlo, Svetozár _4gup |
|
| 041 | _aslo | ||
| 958 | _aA | ||
| 999 |
_c14924 _d14924 |
||